| 000 | 00549nam a22001577a 4500 | ||
|---|---|---|---|
| 999 |
_c535403 _d535403 |
||
| 020 | _qHard Cover. | ||
| 082 | _a620.01 | ||
| 100 | _aAun Ali Rizvi, Syed | ||
| 245 |
_aDevelopment of Fatigue Empirical Correlation of Al-1050 Mechanical Structure by Using Numerical Techniques / _cSyed Aun Ali Rizvi. |
||
| 260 |
_aKarachi. _bPNEC - NUST, _c2015. |
||
| 300 |
_a30 p. : ill. ; _c30cm. |
||
| 942 |
_2ddc _cTHE |
||
| 650 |
_aThermo Fluids MS-Thesis. _929592 |
||
| 700 |
_aDr. Muhammd Ali. _929949 |
||